| 000 | 01905nam a2200265Ia 4500 | ||
|---|---|---|---|
| 008 | 260220t2002||||xx |||||||||||||| ||spa|| | ||
| 020 | _a9992584793 | ||
| 040 |
_aPY-SlUNAC _bspa _erda |
||
| 041 | _aspa | ||
| 082 |
_a301.989 2 _bB758b |
||
| 245 | 0 |
_aBreve reseña histórica de los Ava Guaraní de la comunidad indígena Colonia Fortuna : _bdistrito de Kuruguaty, departamento de Kanindeju |
|
| 250 | _aPrimera edición | ||
| 264 |
_aAsunción : _bUniversidad Evangélica del Paraguay, _c℗2002. |
||
| 300 | _a72 páginas | ||
| 490 |
_aAva Guarani Ayvu ; _vnúmero 8 |
||
| 520 | _aEl libro "Breve reseña histórica de los ava guaraní de la comunidad indígena colonia fortuna distrito de Kuruguaty", publicado por Etigraf en 2002, ofrece una exploración detallada de la historia, cultura y organización social de los ava guaraní, un grupo indígena de Paraguay. A través de un enfoque etnográfico, el autor analiza los procesos históricos que han influido en la vida de esta comunidad, desde la colonización hasta la actualidad. Se destacan aspectos como la cosmovisión, las tradiciones y la resistencia cultural frente a la modernización y la pérdida de tierras. Además, se abordan las dinámicas internas de la comunidad, sus luchas por el reconocimiento de derechos y la preservación de su identidad. Este trabajo no solo contribuye a la comprensión de los ava guaraní, sino que también invita a reflexionar sobre la importancia de la diversidad cultural en el contexto paraguayo y latinoamericano, resaltando la necesidad de políticas que promuevan la inclusión y el respeto hacia los pueblos indígenas. | ||
| 653 | _aComunidades indígenas | ||
| 653 | _aCultura indígena | ||
| 653 | _aHistoria | ||
| 942 |
_b2026/02/17 _cBK |
||
| 999 |
_c6926 _d6926 |
||